Zdokonaľovanie manažmentu vo vybranom podniku bakalárska práca

Guardado en:
Detalles Bibliográficos
Autor principal: Sókiová, Dóra
Autor Corporativo: Fakulta podnikového manažmentu EU. Katedra manažmentu
Otros Autores: Slávik, Štefan, 1955-
Formato: Libro
Lenguaje:eslovaco
Publicado: Bratislava 2018
Etiquetas: Agregar Etiqueta
Sin Etiquetas, Sea el primero en etiquetar este registro!

MARC

LEADER 00000nbm a2200000 4500
001 0244721
005 20180918144854.3
041 0 |a slo 
044 |a SK 
245 1 0 |a Zdokonaľovanie manažmentu vo vybranom podniku  |b bakalárska práca  |c Dóra Sókiová ; školiteľ: Štefan Slávik 
264 1 |a Bratislava  |c 2018 
300 |a 51 s. 
100 1 |a Sókiová, Dóra 
700 1 |a Slávik, Štefan, 1955- 
710 2 |a Fakulta podnikového manažmentu EU. Katedra manažmentu